000
00253nam a22001217a 4500
008
170307b xxu||||| |||| 00| 0 eng d
041
_a
eng
080
_a
611
100
_a
6
101
_a
SHM
245
_a
CONCISE ANATOMY
_c
EDWARDS.L.F
942
_2
udc
_c
BK
999
_c
7003
_d
7003